Tools for Living (Record no. 18510)

MARC details
000 -LEADER
fixed length control field 00592nam a2200229 a 4500
020 ## - INTERNATIONAL STANDARD BOOK NUMBER
ISBN
082 00 - DEWEY DECIMAL CLASSIFICATION NUMBER
Classification number 303.69
Author Cutter WAM
100 ## - MAIN ENTRY--AUTHOR NAME
Author name Wampler, Faye
245 ## - TITLE STATEMENT
Title Tools for Living
Sub title Peer Mediation and Conflict Resolution Training
260 ## - PUBLICATION, DISTRIBUTION, ETC. (IMPRINT)
Place of publication Leola, Pasadma USA
Name of publisher Esr Associates
Year of publication 1997
500 ## - GENERAL NOTE
General note includes index and biblioraphy
505 2# - FORMATTED CONTENTS NOTE
Formatted contents note Index
650 ## - SUBJECT ADDED ENTRY--TOPICAL TERM
Topical Term Mediation
942 ## - ADDED ENTRY ELEMENTS (KOHA)
Koha item type Books
700 1# -
-- Wampler, Faye
Holdings
Collection code Home library Current library Date acquired Cost, normal purchase price Full call number Accession Number Koha item type
  Henry Martyn Institute Library Henry Martyn Institute Library 03/20/2007 100.00 303.69 WAM 11000552 Books
                   Copyright © 2026 | Henry Martyn Institute | Hyderabad | TS-500052 | INDIA | Implemented by hmi.edu.in
Hit-Count:

Powered by Koha